00528nam a2200193 a 4500001001300000003000900013005001700022008004100039020001000080082002100090100002900111245002800140260006000168300000900228500003500237505001000272650002300282700002900305nice12345678IN_TiNIC20260116012320.0050524s0000 newa grp 000 0 eng  ac10000a492.7391439bSHA aShareef, Mohmmed Mustafa aQuran Fahmi` Asan Rasta aNew DelhibCentre for Women`s Development Studiesc0000 a277p aincludes index and biblioraphy2 aIndex aQuran-Urdu-English1 aShareef, Mohmmed Mustafa